Sello : Sistema mixto de educación en Chile

में बचाया:
ग्रंथसूची विवरण
स्वरूप: पुस्तक
भाषा:स्पेनिश
विषय:
टैग: टैग जोड़ें
कोई टैग नहीं, इस रिकॉर्ड को टैग करने वाले पहले व्यक्ति बनें!

MARC

LEADER 00000nam a22000005a 4500
003 CL-ChBUA
005 20150121201342.0
008 150121s2013 cl ||||| |||| 000 ||spa
040 |a CL-ChBUA  |c CL-ChBUA 
245 1 0 |a Sello :  |b Sistema mixto de educación en Chile 
300 |a 51 páginas   |c 30 centímetros  
504 |a índice 
650 4 |a EDUCACION - CHILE 
942 |2 ddc  |c SBOL 
952 |0 0  |1 0  |2 ddc  |4 0  |6 BOL___Nº_1215_000000000000000  |7 0  |9 1143550  |a UNACH  |b UNACH  |c Bol  |d 2015-01-21  |l 0  |o Bol. Nº 1215  |p 81447  |r 2015-01-21 00:00:00  |w 2015-01-21  |y SBOL 
999 |c 2181633  |d 2181633